<?xml version="1.0" encoding="UTF-8"?>
<record
    xmlns:xsi="http://www.w3.org/2001/XMLSchema-instance"
    xsi:schemaLocation="http://www.loc.gov/MARC21/slim http://www.loc.gov/standards/marcxml/schema/MARC21slim.xsd"
    xmlns="http://www.loc.gov/MARC21/slim">

  <leader>00967nam a22001697a 4500</leader>
  <controlfield tag="003">SGT</controlfield>
  <datafield tag="020" ind1=" " ind2=" ">
    <subfield code="a">9788120344983</subfield>
  </datafield>
  <datafield tag="082" ind1=" " ind2=" ">
    <subfield code="a">344 PAD</subfield>
  </datafield>
  <datafield tag="100" ind1=" " ind2=" ">
    <subfield code="a">PADHI,P.K</subfield>
  </datafield>
  <datafield tag="245" ind1=" " ind2=" ">
    <subfield code="a">LABOUR AND INDUSTRIAL LAWS</subfield>
  </datafield>
  <datafield tag="250" ind1=" " ind2=" ">
    <subfield code="a">2ND</subfield>
  </datafield>
  <datafield tag="260" ind1=" " ind2=" ">
    <subfield code="a">NEW DELHI</subfield>
    <subfield code="b">PHI</subfield>
    <subfield code="c">2016</subfield>
  </datafield>
  <datafield tag="300" ind1=" " ind2=" ">
    <subfield code="a">906</subfield>
  </datafield>
  <datafield tag="650" ind1=" " ind2=" ">
    <subfield code="a">LABOUR AND INDUSTRIAL LAWS</subfield>
  </datafield>
  <datafield tag="653" ind1=" " ind2=" ">
    <subfield code="a">1.INTRODUCTION 2.	THE INDUSTRIAL DISPUTES ACT, 1947 3.	THE CONTRACT LABOUR (REGULATION AND ABOLITION) ACT, 1970 4.	THE CHILD LABOUR (PROHIBITION AND REGULATION) ACT, 1986 5.	THE PAYMENT OF BONUS ACT, 1965 6.	THE PAYMENT OF GRATUITY ACT, 1972 7.	THE INDUSTRIAL EMPLOYMENT (STANDING ORDERS) ACT, 1946 8.	APPRENTICES ACT, 1961 9.	THE MINIMUM WAGES ACT, 1948 10.	THE PAYMENT OF WAGES ACT, 1936 11.	THE TRADE UNIONS ACT, 1926 12.	THE EMPLOYEES&#x2019; COMPENSATION ACT, 1923 13.	THE EMPLOYEES&#x2019; STATE INSURANCE ACT, 1948 14.	EMPLOYEES&#x2019; PROVIDENT FUNDS AND MISCELLANEOUS PROVISIONS ACT, 1952 15.	THE FACTORIES ACT, 1948</subfield>
  </datafield>
  <datafield tag="942" ind1=" " ind2=" ">
    <subfield code="2">ddc</subfield>
    <subfield code="c">FCM</subfield>
  </datafield>
  <datafield tag="999" ind1=" " ind2=" ">
    <subfield code="c">10539</subfield>
    <subfield code="d">10539</subfield>
  </datafield>
</record>
